Lectures on the theory of probability / (Record no. 51679)
[ view plain ]
| 000 -LEADER | |
|---|---|
| fixed length control field | 00818nam a2200241 a 4500 |
| 001 - CONTROL NUMBER | |
| control field | 51679 |
| 003 - CONTROL NUMBER IDENTIFIER | |
| rucl marc code | BD-RjUL |
| 005 - DATE AND TIME OF LATEST TRANSACTION | |
| control field | 20211209075710.0 |
| 008 - FIXED-LENGTH DATA ELEMENTS--GENERAL INFORMATION | |
| fixed length control field | 160901s1972 ii a b 000 0 eng d |
| 035 ## - SYSTEM CONTROL NUMBER | |
| System control number | (BD-RjUL)51799 |
| 040 ## - CATALOGING SOURCE | |
| Original cataloging agency | ANL |
| Language of cataloging | eng |
| Transcribing agency | ANL |
| Modifying agency | ABN:1 |
| -- | BD-RjUL |
| 041 ## - LANGUAGE CODE | |
| Language code of text/sound track or separate title | eng |
| 082 04 - DEWEY DECIMAL CLASSIFICATION NUMBER | |
| Classification number | 519.2 |
| Edition number | 23 |
| Author mark and year | ROL 1972 |
| 100 1# - MAIN ENTRY--PERSONAL NAME | |
| Personal name | Rozanov, IU. A. |
| Fuller form of name | (IUrii Anatolevich), |
| 9 (RLIN) | 154492 |
| 245 10 - TITLE STATEMENT | |
| Title | Lectures on the theory of probability / |
| Statement of responsibility, etc. | Yu. A. Rozanov. |
| 260 ## - PUBLICATION, DISTRIBUTION, ETC. (IMPRINT) | |
| Place of publication, distribution, etc. | Calcutta : |
| Name of publisher, distributor, etc. | Statistical Publishing Society, |
| Date of publication, distribution, etc. | 1972. |
| 300 ## - PHYSICAL DESCRIPTION | |
| Pagination | 114 p. ; |
| Size | 25 cm. |
| 500 ## - GENERAL NOTE | |
| General note | On cover: Indian Statistical Institute in collaboration with Academy of Sciences of the USSR. |
| 504 ## - BIBLIOGRAPHY, ETC. NOTE | |
| Bibliography, etc | Includes bibliographical references. |
| 650 #0 - SUBJECT ADDED ENTRY--TOPICAL TERM | |
| Topical term or geographic name as entry element | Probabilities. |
| 9 (RLIN) | 154493 |
| 942 ## - ADDED ENTRY ELEMENTS (KOHA) | |
| Source of classification or shelving scheme | Dewey Decimal Classification |
| Koha item type | Books |
| Lost status | Source of classification or shelving scheme | Damaged status | Not for loan | Collection code | Permanent Location | Current Location | Shelving location | Date acquired | Source of acquisition | Cost, normal purchase price | Total Checkouts | Full call number | Date last seen | Copy number | Koha item type |
|---|---|---|---|---|---|---|---|---|---|---|---|---|---|---|---|
| Dewey Decimal Classification | Non-fiction | Central Library, University of Rajshahi | Central Library, University of Rajshahi | 08/11/1979 | India International, Calcutta | 5.00 | 519.2 ROL 1972 | 01/09/2016 | C-2 | Books | |||||
| Dewey Decimal Classification | Non-fiction | Central Library, University of Rajshahi | Central Library, University of Rajshahi | 08/11/1979 | India international, kolcutta | 5.00 | 519.2 ROL 1972 | 01/09/2016 | C-3 | Books | |||||
| Dewey Decimal Classification | Non-fiction | Central Library, University of Rajshahi | Central Library, University of Rajshahi | 08/11/1979 | India international, kolcutta | 5.00 | 519.2 ROL 1972 | 01/09/2016 | C-4 | Books |